[Event "It (cat.7)"]
[Site "masterchessopen.com Antalya (Turkey)"]
[Round "1"]
[White "Arduman Can (TUR)"]
[Black "Olcayoz Alper (TUR)"]
[Result "1-0"]
[WhiteElo "2379"]
[BlackElo "2334"]

1.d4 d5 2.c4 dxc4 3.Nf3 Nf6 4.e3 e6 5.Bxc4 c5 6.O-O a6 7.Bd3 Nc6 8.a3 cxd4
9.exd4 Be7 10.Nc3 O-O 11.Bc2 b5 12.Qd3 Bb7 13.Bg5 g6 14.Rfe1 Rc8 15.Rad1 Nd5
16.Bxe7 Ncxe7 17.Ne4 Nf4 18.Qd2 Qc7 19.Bb1 Bxe4 20.Rxe4 Ned5 21.g3 Nh5 22.Qh6
{#r} 1-0

[Event "It (open)"]
[Site "masterchessopen.com Bergen (Norway)"]
[Round "3"]
[White "Thorhallsson Throstur (ISL)"]
[Black "Moen Andreas (NOR)"]
[Result "1-0"]
[WhiteElo "2442"]
[BlackElo "2265"]

1.d4 d5 2.Nf3 Nf6 3.c4 dxc4 4.e3 e6 5.Bxc4 c5 6.O-O a6 7.a4 Nc6 8.Nc3 Bd6
9.Qe2 Qc7 10.h3 O-O 11.Rd1 Bd7 12.dxc5 Bxc5 13.e4 Ne5 14.Bf4 Nxf3+ 15.Qxf3 e5
16.Bg5 Be7 17.Bxf6 Bxf6 18.Nd5 Qd8 19.Nxf6+ gxf6 20.Ra3 Qe7 21.Rxd7 Qxd7
22.Qxf6 Rfc8 23.Rg3+ Kf8 24.Qg7+ Ke8 25.Qg8+ Ke7 26.Qxf7+ {#r} 1-0

[Event "It (open) \"]
[Site "masterchessopen.com Cairo (Egypt)"]
[Round "3"]
[White "Roeder Mathias (GER)"]
[Black "Omearat Adel (SYR)"]
[Result "0-1"]
[WhiteElo "2469"]
[BlackElo "2275"]

1.d4 d5 2.c4 dxc4 3.e3 Nf6 4.Bxc4 e6 5.Nf3 c5 6.O-O a6 7.Bb3 Nc6 8.Nc3 cxd4
9.Nxd4 Bd7 10.Qe2 Be7 11.Rd1 Qb6 12.Nf3 Qc7 13.e4 Ng4 14.h3 h5 15.Nd5 exd5
16.exd5 Nce5 17.d6 Bxd6 18.hxg4 O-O-O 19.Rxd6 Nxf3+ 20.Qxf3 Qxd6 21.Bf4 Bc6
22.Rc1 hxg4 23.Qxg4+ Qd7 24.Qg5 f6 25.Qa5 Rh1+ {#R} 0-1

[Event "Ch American Continent"]
[Site "masterchessopen.com Cali (Colombia)"]
[Round "5"]
[White "Barros Raul (COL)"]
[Black "Navarro Roberto (MEX)"]
[Result "0-1"]
[WhiteElo "2080"]
[BlackElo "2292"]

1.Nf3 d5 2.d4 Nf6 3.c4 dxc4 4.e3 c5 5.Bxc4 e6 6.O-O a6 7.a4 Qc7 8.b3 Be7 9.Bb2
Nbd7 10.Nbd2 b6 11.Rc1 Bb7 12.Qe2 O-O 13.Rfd1 Rfd8 14.Bd3 Nd5 15.Nc4 cxd4
16.Bxd4 Rac8 17.Qb2 Nc5 18.Bb1 f6 19.e4 Nf4 20.Ne1 Nxb3 21.Qxb3 Ne2+ 22.Kh1
Nxc1 23.Rxc1 Rxd4 24.Ne5 Qxe5 25.Rxc8+ Bxc8 {#R} 0-1

[Event "It (open)"]
[Site "masterchessopen.com Haarlem (Netherlands)"]
[Round "2"]
[White "Horvath Jozsef_ (HUN)"]
[Black "Van Den Berg John (NED)"]
[Result "1-0"]
[WhiteElo "2551"]
[BlackElo "2230"]

1.d4 d5 2.c4 dxc4 3.e3 Nf6 4.Bxc4 e6 5.Nf3 c5 6.O-O a6 7.a4 Nc6 8.Qe2 cxd4
9.Rd1 Be7 10.exd4 O-O 11.Nc3 Nd5 12.Bb3 Re8 13.Be3 b6 14.Nxd5 exd5 15.Ne5 Nb4
16.Bd2 Be6 17.Rac1 Bf8 18.a5 f6 19.Bxb4 Bxb4 20.Nc6 Qd6 21.axb6 Bf7 22.b7 {#r}
1-0

[Event "Cup (team) (w)"]
[Site "masterchessopen.com Halle (Germany)"]
[Round "6"]
[White "Peng Zhaoqin (NED)"]
[Black "Mamedova Rena (GER)"]
[Result "1-0"]
[WhiteElo "2443"]
[BlackElo "2353"]

1.d4 d5 2.c4 dxc4 3.e3 Nf6 4.Bxc4 e6 5.Nf3 c5 6.O-O a6 7.Bb3 b6 8.e4 Nxe4 9.d5
Qf6 10.Re1 Nd6 11.Nc3 Bb7 12.Bg5 Qf5 13.Re5 Qg4 14.h3 Qh5 15.Bf4 Nf5 16.dxe6
f6 17.Rxf5 Qxf5 18.Bxb8 Bc8 19.g4 Qg6 20.Qd5 {#r} 1-0

[Event "It (open)"]
[Site "masterchessopen.com Mislata (Spain)"]
[Round "5"]
[White "Mascaro March Pedro (ESP)"]
[Black "Borges Mateos Juan (CUB)"]
[Result "0-1"]
[WhiteElo "2320"]
[BlackElo "2436"]

1.d4 d5 2.c4 dxc4 3.Nf3 Nf6 4.e3 e6 5.Bxc4 c5 6.O-O a6 7.Bb3 Nbd7 8.a4 b6
9.Nc3 Qc7 10.d5 c4 11.dxe6 fxe6 12.Bc2 Bb7 13.e4 Bd6 14.Bg5 O-O 15.Bh4 Ne5
16.Nd4 Qf7 17.Nf5 Bb8 18.Nd6 Qc7 19.f4 Qxd6 {#R} 0-1

[Event "Ch Region"]
[Site "masterchessopen.com Nikolaev (Ukraine)"]
[Round "10"]
[White "Zubov Alexander (UKR)"]
[Black "Golovchenko Gleb (RUS)"]
[Result "1-0"]
[WhiteElo "2470"]
[BlackElo "2243"]

1.d4 d5 2.c4 dxc4 3.Nf3 Nf6 4.e3 e6 5.Bxc4 c5 6.O-O a6 7.dxc5 Bxc5 8.Qxd8+
Kxd8 9.b3 b5 10.Be2 Bb7 11.Bb2 Ke7 12.Nbd2 Nbd7 13.Rfe1 Rhd8 14.a4 bxa4
15.Rxa4 Nd5 16.Rh4 Rac8 17.Rxh7 g5 18.Nxg5 Nxe3 19.Rxf7+ Ke8 20.Bh5 {#r} 1-0

[Event "It (open)"]
[Site "masterchessopen.com Sautron (France)"]
[Round "9"]
[White "Bagaturov Giorgi (GEO)"]
[Black "Bouvier Bruno (FRA)"]
[Result "1-0"]
[WhiteElo "2473"]
[BlackElo "2251"]

1.d4 d5 2.c4 dxc4 3.Nf3 e6 4.e3 c5 5.Bxc4 Nf6 6.O-O a6 7.Bb3 Nc6 8.Qe2 cxd4
9.Rd1 Qc7 10.exd4 Be7 11.Nc3 O-O 12.Bg5 Ng4 13.Bxe7 Nxe7 14.d5 exd5 15.Rac1
Ng6 16.Nxd5 Qd6 17.h3 Nh6 18.Nc7 Nf4 19.Qe3 Qf6 20.Nxa8 Bxh3 21.g3 Ne6 22.Nb6
Qf5 23.Rd5 {#r} 1-0

[Event "Ch Sweden (team) 2001/02"]
[Site "masterchessopen.com Stockholm (Sweden)"]
[Round "4"]
[White "Akesson Ralf (SWE)"]
[Black "Degerman Lars (SWE)"]
[Result "1-0"]
[WhiteElo "2437"]
[BlackElo "2492"]

1.Nf3 d5 2.d4 Nf6 3.c4 dxc4 4.e3 e6 5.Bxc4 c5 6.O-O a6 7.Bb3 cxd4 8.exd4 Nc6
9.Nc3 Be7 10.Re1 O-O 11.Bf4 Nb4 12.Rc1 b6 13.d5 Nbxd5 14.Nxd5 Nxd5 15.Bxd5
exd5 16.Bc7 Qd7 17.Ne5 Qb5 18.a4 Qxb2 19.Re2 Qa3 20.Re3 {#r} 1-0

[Event "Ch China (team) (w)"]
[Site "masterchessopen.com Suzhou/Jiangsu (China)"]
[Round "1"]
[White "Wang Lei (CHN)"]
[Black "Li Junyin (CHN)"]
[Result "1-0"]
[WhiteElo "2512"]
[BlackElo "2145"]

1.d4 d5 2.c4 dxc4 3.Nf3 Nf6 4.e3 e6 5.Bxc4 c5 6.O-O a6 7.Bb3 Nbd7 8.e4 cxd4
9.e5 Ne4 10.Qxd4 Nec5 11.Bc2 Be7 12.b4 f6 13.bxc5 fxe5 14.Qg4 Nf6 15.Qc4 O-O
16.Nbd2 Qc7 17.Ne4 Bd7 18.Bb2 b5 19.Qd3 Nd5 20.Bxe5 Qd8 21.Nd4 Rf7 22.Nd6 Bxd6
23.Qxh7+ Kf8 24.Qh8+ Ke7 25.cxd6# 1-0

[Event "Ch Yugoslavia (juniors) (under 20) (g)"]
[Site "masterchessopen.com Tivat (Yugoslavia)"]
[Round "10"]
[White "Djuric Vesna (SRB)"]
[Black "Savic Marijana (SRB)"]
[Result "1-0"]
[WhiteElo "2031"]
[BlackElo "2178"]

1.d4 d5 2.Nf3 Nf6 3.c4 dxc4 4.e3 e6 5.Bxc4 c5 6.O-O a6 7.e4 b5 8.Bd3 cxd4
9.Nxd4 Bb7 10.Re1 Nbd7 11.e5 Nd5 12.Nxe6 fxe6 13.Qh5+ Ke7 14.Bg5+ N7f6
15.exf6+ gxf6 16.Bf5 Bc8 17.Bh4 Rb8 18.Nc3 Nf4 19.Bxf6+ Kxf6 20.Qh4+ Kxf5 {#r}
1-0

[Event "It (open) (c)"]
[Site "masterchessopen.com Aragon (Spain)"]
[Round "8"]
[White "Romon Poves Raul (ESP)"]
[Black "Lopez Gracia Fernando (ESP)"]
[Result "1-0"]
[WhiteElo "2141"]
[BlackElo "2308"]

1.d4 d5 2.c4 dxc4 3.Nf3 Nf6 4.e3 e6 5.Bxc4 c5 6.O-O a6 7.Qc2 b5 8.Bb3 Bb7
9.Nc3 Nbd7 10.Rd1 Qb6 11.dxc5 Nxc5 12.Bd2 Bd6 13.e4 O-O 14.e5 {#r} 1-0

[Event "It (open) (seniors)"]
[Site "masterchessopen.com Bad Wildbad (Germany)"]
[Round "4"]
[White "Rogowski Walter (GER)"]
[Black "Mittelsteiner Horst (GER)"]
[Result "0-1"]
[WhiteElo "1708"]
[BlackElo "1997"]

1.d4 d5 2.c4 dxc4 3.Nf3 Nf6 4.e3 e6 5.Bxc4 c5 6.O-O a6 7.a4 Nc6 8.Na3 Bd7
9.Nc2 Be7 10.Re1 cxd4 11.Ncxd4 O-O 12.e4 Nxd4 13.Qxd4 Bc6 14.Bd3 Rc8 15.b3 Bc5
16.Qxd8 Rfxd8 17.Bc2 Ng4 18.Re2 Rd7 19.h3 Nf6 20.Bb2 Nh5 21.g3 Nxg3 22.Rd2
Rxd2 23.Nxd2 Rd8 24.Bc3 Ne2+ 25.Kg2 Nxc3 {#R} 0-1

[Event "It (cat.2) (b)"]
[Site "masterchessopen.com Budapest (Hungary)"]
[Round "6"]
[White "Dub Zeev (ISR)"]
[Black "Vass Viktor (HUN)"]
[Result "1-0"]
[WhiteElo "2377"]
[BlackElo "2207"]

1.d4 d5 2.c4 dxc4 3.Nf3 Nf6 4.e3 e6 5.Bxc4 c5 6.O-O a6 7.Bb3 Nc6 8.Qe2 cxd4
9.Rd1 Be7 10.Nc3 O-O 11.Nxd4 Qc7 12.Nxc6 Qxc6 13.e4 b5 14.f3 b4 15.Na4 a5
16.Be3 Ba6 17.Qf2 Rfd8 18.Rdc1 Qb7 19.Nb6 Rab8 20.Ba4 Bd6 21.Nc4 Bc7 22.Nd2
Be5 23.Nb3 Bb5 24.Bxb5 Qxb5 25.Rc5 Qd3 {#r} 1-0

[Event "It (open) \"]
[Site "masterchessopen.com Copenhagen (Denmark)"]
[Round "11"]
[White "De Blecourt Sandra (DEN)"]
[Black "Moen Andreas (NOR)"]
[Result "0-1"]
[WhiteElo "2063"]
[BlackElo "2265"]

1.d4 d5 2.c4 dxc4 3.Nf3 Nf6 4.e3 e6 5.Bxc4 c5 6.O-O a6 7.a4 Nc6 8.Nc3 Be7
9.Qe2 O-O 10.Rd1 Qc7 11.b3 cxd4 12.exd4 Na5 13.Bg5 Nxb3 14.Bxb3 Qxc3 15.Bc4 b6
16.Ne5 Bb7 17.Nxf7 Rxf7 18.Qxe6 Rf8 19.Rac1 Qb4 20.Re1 Bd5 21.Bxd5 Nxd5
22.Qxd5 Bxg5 23.Rcd1 Bh6 24.f4 Bxf4 25.Rf1 Qd6 {#R} 0-1

[Event "Memorial Karl Mala (open)"]
[Site "masterchessopen.com Frankfurt (Germany)"]
[Round "2"]
[White "Roediger Thomas (GER)"]
[Black "Donchenko Anatoly G (GER)"]
[Result "0-1"]
[WhiteElo "2080"]
[BlackElo "2463"]

1.d4 d5 2.c4 dxc4 3.e3 Nf6 4.Bxc4 e6 5.Nf3 c5 6.O-O a6 7.dxc5 Bxc5 8.Qxd8+
Kxd8 9.b3 Ke7 10.Rd1 b5 11.Be2 Bb7 12.Ba3 Bxa3 13.Nxa3 Rc8 14.Rac1 Nc6 15.Nb1
Nb4 16.a3 Na2 17.Rxc8 Rxc8 18.Nd4 Ne4 19.Bf3 g6 20.Bxe4 Bxe4 21.Nd2 Bb7 22.Ra1
e5 23.Nxb5 Rc2 24.Nc4 axb5 25.Nxe5 Bd5 {#R} 0-1

[Event "Bundesliga (2nd) 2002/03 (w)"]
[Site "masterchessopen.com Germany"]
[Round "2"]
[White "Rozenfeld Tatiana (GER)"]
[Black "Donchenko Irina (GER)"]
[Result "1-0"]
[WhiteElo "2104"]
[BlackElo "2068"]

1.d4 d5 2.Nf3 Nf6 3.e3 e6 4.c4 dxc4 5.Bxc4 c5 6.O-O a6 7.a4 Nc6 8.Nc3 Qc7
9.Qe2 Bd6 10.h3 O-O 11.Re1 b6 12.dxc5 Bxc5 13.e4 Bb7 14.e5 Nd7 15.Bf4 Ne7
16.Ne4 Ng6 17.Bg3 Bxe4 18.Qxe4 Rfd8 19.h4 Ne7 20.b4 Bxb4 21.Bd3 Nc5 22.Qxh7+
Kf8 23.Qh8+ Ng8 24.Bh7 Ke7 25.Qxg7 Bc3 26.Qg5+ {#r} 1-0

[Event "Match \"]
[Site "masterchessopen.com Istanbul (Turkey)"]
[Round "8"]
[White "Bayram Yakup (TUR)"]
[Black "Radulov Ivan (BUL)"]
[Result "0-1"]
[WhiteElo "2308"]
[BlackElo "2361"]

1.d4 d5 2.c4 dxc4 3.Nf3 Nf6 4.e3 e6 5.Bxc4 c5 6.O-O a6 7.a4 Nc6 8.Qe2 Qc7
9.Nc3 Bd6 10.b3 O-O 11.Bb2 cxd4 12.exd4 e5 13.Ne4 Nxe4 14.Qxe4 exd4 15.Ng5 g6
16.Qh4 h5 17.Rad1 Bf5 18.Rfe1 Rad8 19.Ne4 Be7 20.Qg3 Qxg3 21.Nxg3 Bc2 22.Rxd4
Rxd4 23.Bxd4 Bb4 {#R} 0-1

[Event "It (open) \"]
[Site "masterchessopen.com Kocaeli (Turkey)"]
[Round "4"]
[White "Magalashvili Davit (GEO)"]
[Black "Yilmaz Baler (TUR)"]
[Result "1-0"]
[WhiteElo "2274"]
[BlackElo "1883"]

1.d4 d5 2.c4 dxc4 3.e3 Nf6 4.Bxc4 e6 5.Nf3 c5 6.O-O a6 7.a4 Nc6 8.Nc3 Nb4
9.Qe2 cxd4 10.exd4 Nbd5 11.Bg5 Nb6 12.Bb3 Be7 13.a5 Nbd7 14.Ne5 Nxe5 15.dxe5
Nd7 16.Bxe7 Qxe7 17.f4 O-O 18.Bc2 b5 19.Qe4 Rb8 20.Qxh7# 1-0

[Event "Ch Russia (1/2 final)"]
[Site "masterchessopen.com Krasnodar (Russia)"]
[Round "0"]
[White "Shapar S (RUS)"]
[Black "Vastrukhin Oleg (RUS)"]
[Result "1-0"]
[WhiteElo "2145"]
[BlackElo "2361"]

1.d4 d5 2.Nf3 Nf6 3.c4 dxc4 4.e3 e6 5.Bxc4 c5 6.O-O a6 7.Bb3 b5 8.a4 c4 9.Bc2
Bb7 10.Qe2 Be7 11.axb5 axb5 12.Rxa8 Bxa8 13.b3 O-O 14.bxc4 bxc4 15.Qxc4 Bxf3
16.gxf3 Nh5 17.Ba3 Nd7 18.Bxe7 Qxe7 19.Qb5 f5 20.Kh1 Rf6 21.Rg1 Rh6 22.Rg2
Nhf6 23.Qc6 Nd5 24.Bxf5 Nxe3 25.fxe3 exf5 26.Qxh6 {#r} 1-0

[Event "Ch Poland (1/2 final)"]
[Site "masterchessopen.com Lubniewice (Poland)"]
[Round "2"]
[White "Dziuba Marcin (POL)"]
[Black "Adamski Michal (POL)"]
[Result "1-0"]
[WhiteElo "2448"]
[BlackElo "2278"]

1.d4 d5 2.c4 dxc4 3.Nf3 Nf6 4.e3 e6 5.Bxc4 c5 6.O-O a6 7.dxc5 Qxd1 8.Rxd1 Bxc5
9.Nbd2 Ke7 10.Be2 Rd8 11.b3 b6 12.Ne1 Ra7 13.Nd3 Rad7 14.Nc4 Ne4 15.Bb2 f6
16.f3 Ng5 17.Nxc5 Rxd1+ 18.Bxd1 bxc5 19.Ba3 Nd7 20.b4 cxb4 21.Bxb4+ Kf7 22.h4
{#r} 1-0

[Event "It (open)"]
[Site "masterchessopen.com Malaga (Spain)"]
[Round "4"]
[White "Pogorelov Ruslan (UKR)"]
[Black "Garcia Martinez Silvino (CUB)"]
[Result "1-0"]
[WhiteElo "2517"]
[BlackElo "2365"]

1.Nf3 d5 2.d4 Nf6 3.c4 dxc4 4.e3 e6 5.Bxc4 c5 6.O-O a6 7.dxc5 Qxd1 8.Rxd1 Bxc5
9.Nbd2 Nbd7 10.Nb3 Be7 11.Be2 O-O 12.Nfd4 g6 13.Na5 e5 14.Ndb3 Nb6 15.f3 Rb8
16.e4 Bd7 17.Be3 Na4 18.Rac1 Rfe8 19.Nc4 Bb5 20.Rd2 Bb4 21.Rdc2 Rbc8 22.Bf2
Nh5 23.g3 Be7 24.Nb6 Nxb6 25.Bxb5 axb5 26.Bxb6 {#r} 1-0

[Event "Ch Mexico"]
[Site "masterchessopen.com Mexico City (Mexico)"]
[Round "1"]
[White "Castillo Castelan Miguel (MEX)"]
[Black "Estrada Nieto Julian (MEX)"]
[Result "0-1"]
[WhiteElo "2144"]
[BlackElo "2341"]

1.d4 d5 2.c4 dxc4 3.e3 Nf6 4.Bxc4 e6 5.Nf3 c5 6.O-O a6 7.Bb3 cxd4 8.exd4 Nc6
9.Re1 Be7 10.Bg5 O-O 11.Nc3 Na5 12.Bc2 b5 13.Ne4 Bb7 14.Nxf6+ Bxf6 15.Bxf6
Qxf6 16.Ne5 Rfd8 17.Qd3 g6 18.Qc3 Rac8 19.Qd3 Nc6 20.Nxc6 Rxc6 21.Qe3 {#R} 0-1

[Event "It (open) \"]
[Site "masterchessopen.com Moscow (Russia)"]
[Round "2"]
[White "Tkachiev Vladislav (FRA)"]
[Black "Sadvakasov Darmen (KAZ)"]
[Result "1-0"]
[WhiteElo "2642"]
[BlackElo "2523"]

{ ^30 } 1.d4 d5 2.c4 dxc4 3.e3 Nf6 4.Bxc4 e6 5.Nf3 c5 6.O-O a6 7.Bb3 b5 8.a4
b4 9.Nbd2 Bb7 10.e4 cxd4 11.e5 Nfd7 12.Nc4 Be7 13.Nxd4 Nc5 14.Qg4 g6 15.Bh6
Nxb3 16.Nxb3 Nd7 17.Rad1 Rc8 18.Rfe1 Bc6 19.Nd6+ Bxd6 20.exd6 e5 21.Nc5 Qa5 {
DA } 22.Qxd7+ { ! } 22...Bxd7 23.Rxe5+ Be6 ( 23...Kd8 24.Nb7# ) 24.d7+ 1-0

[Event "It (cat.3) \"]
[Site "masterchessopen.com Olomouc (Czech Republic)"]
[Round "1"]
[White "Plachetka Jan (SVK)"]
[Black "Sachdev Tania (IND)"]
[Result "1-0"]
[WhiteElo "2451"]
[BlackElo "2243"]

1.d4 d5 2.Nf3 Nf6 3.c4 dxc4 4.e3 e6 5.Bxc4 c5 6.O-O a6 7.a4 Nc6 8.Qe2 cxd4
9.Rd1 Be7 10.exd4 O-O 11.Nc3 Nb4 12.Ne5 Nfd5 13.Ne4 b6 14.Ra3 Bb7 15.Rh3 Nc7
16.Qg4 Ne8 17.Bxe6 Bxe4 18.Qxe4 Nf6 19.Qf5 Qd6 20.Bb3 Nc6 21.Bg5 {#r} 1-0

[Event "It (open)"]
[Site "masterchessopen.com Pamplona (Spain)"]
[Round "9"]
[White "Estremera Panos Sergio (ESP)"]
[Black "Ruiz Escobar Rafael (ESP)"]
[Result "1-0"]
[WhiteElo "2354"]
[BlackElo "2011"]

1.d4 d5 2.c4 dxc4 3.Nf3 Nf6 4.e3 e6 5.Bxc4 c5 6.O-O a6 7.Bb3 Nc6 8.Nc3 Be7
9.Qe2 Qc7 10.Bd2 O-O 11.Rac1 b6 12.h3 Bb7 13.dxc5 Bxc5 14.e4 Nh5 15.Be3 Bxe3
16.Qxe3 Rab8 17.e5 g6 18.g4 Ng7 19.Ne4 Ne8 20.Qh6 Qe7 21.Neg5 f6 22.Bxe6+ Kh8
23.Nxh7 {#r} 1-0

[Event "It (open)"]
[Site "masterchessopen.com Pardubice (Czech Republic)"]
[Round "1"]
[White "Bykhovsky Anatoly A (RUS)"]
[Black "Ganguly Surya Shekhar (IND)"]
[Result "0-1"]
[WhiteElo "2374"]
[BlackElo "2556"]

1.d4 d5 2.c4 dxc4 3.Nf3 Nf6 4.e3 e6 5.Bxc4 c5 6.O-O a6 7.Bb3 cxd4 8.exd4 Nc6
9.Nc3 Be7 10.Bg5 O-O 11.a3 b5 12.Qd3 Bb7 13.Rad1 b4 14.Na4 bxa3 15.bxa3 Na5
16.Ba2 Be4 17.Qe2 Bd5 18.Rfe1 Bxa3 19.Bxf6 Qxf6 20.Bxd5 exd5 21.Qa2 Bb4 22.Re5
Rad8 23.Rxd5 Qe6 {#R} 0-1

[Event "Ch Russia (1/2 final)"]
[Site "masterchessopen.com Sosnovy Bor (Russia)"]
[Round "5"]
[White "Pavlov Aleksander A (RUS)"]
[Black "Vlassow Valentin (RUS)"]
[Result "0-1"]
[WhiteElo "2185"]
[BlackElo "2325"]

1.d4 d5 2.c4 dxc4 3.Nf3 Nf6 4.e3 e6 5.Bxc4 c5 6.O-O a6 7.e4 b5 8.Bd3 Bb7 9.Qe2
Nc6 10.e5 Nd5 11.dxc5 Bxc5 12.Ng5 Bd4 13.Bxh7 Qc7 14.Be4 Bxe5 15.g3 Nd4 16.Qd1
Qxc1 {#R} 0-1

[Event "Ch Switzerland (team) 2002"]
[Site "masterchessopen.com Switzerland"]
[Round "5"]
[White "Goldstern Flip (NED)"]
[Black "Rueetschi Urs (SUI)"]
[Result "1-0"]
[WhiteElo "2375"]
[BlackElo "2270"]

1.Nf3 d5 2.d4 Nf6 3.c4 dxc4 4.e3 e6 5.Bxc4 c5 6.O-O a6 7.Bb3 b6 8.Nc3 Bb7
9.Qe2 Nbd7 10.Rd1 Qc7 11.d5 exd5 12.e4 d4 13.e5 Be7 14.exf6 Nxf6 15.Re1 c4
16.Bf4 Qc5 17.Nxd4 O-O-O 18.Na4 Qxd4 19.Qxc4+ {#r} 1-0

[Event "Ch Hungary (team) 2001/02 (3 liga)"]
[Site "masterchessopen.com Hungary"]
[Date "2002.02.10"]
[Round "7"]
[White "Kovacs Miklos (HUN)"]
[Black "Horvath Csaba (HUN)"]
[Result "0-1"]
[WhiteElo "1537"]
[BlackElo "2506"]

1.d4 d5 2.c4 dxc4 3.e3 e6 4.Bxc4 Nf6 5.Nf3 c5 6.O-O a6 7.a4 Be7 8.Nc3 cxd4
9.exd4 O-O 10.Qe2 Nc6 11.Rd1 Nd5 12.Bxd5 exd5 13.Ne5 Na5 14.Qf3 Be6 15.Ne2 Qb6
16.Nf4 Nb3 17.Ra2 Nxd4 18.Qd3 Qb3 19.Ra1 Qxd3 20.Rxd3 Nc2 21.Rb1 Nb4 22.Nxe6
Nxd3 23.Nxf8 Nxe5 24.Bf4 Nd3 {#R} 0-1

[Event "Ukrainian Games (w)"]
[Site "masterchessopen.com Alushta (Ukraine)"]
[Round "7"]
[White "Kononenko Tatiana (UKR)"]
[Black "Ruchieva Natalia (UKR)"]
[Result "1-0"]
[WhiteElo "2305"]
[BlackElo "2226"]

1.d4 d5 2.c4 dxc4 3.e3 Nf6 4.Bxc4 e6 5.Nf3 c5 6.O-O a6 7.e4 Nxe4 8.d5 f6 9.Re1
Nd6 10.Bd3 c4 11.Bc2 Be7 12.dxe6 O-O 13.Nc3 Nc6 14.Nd5 b5 15.Bf4 Ne8 16.Nh4 g6
17.Nxg6 hxg6 18.Bxg6 Ng7 19.Bc7 {#r} 1-0

[Event "Ch Mediterranean (w)"]
[Site "masterchessopen.com Beirut (Lebanon)"]
[Round "4"]
[White "Srebrnic Ana (SLO)"]
[Black "Makhlouf Youmna (LIB)"]
[Result "1-0"]
[WhiteElo "2245"]
[BlackElo "1950"]

1.Nf3 e6 2.c4 d5 3.d4 dxc4 4.e3 Nf6 5.Bxc4 c5 6.O-O a6 7.a4 Nc6 8.Qe2 cxd4
9.Rd1 Qc7 10.exd4 Be7 11.Nc3 Nb4 12.Ne5 O-O 13.Bf4 Qd8 14.Rac1 Nbd5 15.Bg3 Bd7
16.Bxd5 Nxd5 17.Nxd5 exd5 18.Nxd7 Re8 19.Qg4 {#r} 1-0

[Event "It (open)"]
[Site "masterchessopen.com Berlin (Germany)"]
[Round "3"]
[White "Eberlein Johann (GER)"]
[Black "Link Thomas (GER)"]
[Result "0-1"]
[WhiteElo "1932"]
[BlackElo "2290"]

1.d4 Nf6 2.Nf3 d5 3.c4 dxc4 4.e3 e6 5.Bxc4 c5 6.O-O a6 7.a4 Nc6 8.Nc3 cxd4
9.exd4 Be7 10.Re1 O-O 11.d5 exd5 12.Nxd5 Nxd5 13.Bxd5 Nb4 14.Bc4 Qxd1 15.Rxd1
Nc2 16.Ra2 Bf5 17.Nd4 Rfd8 18.Be3 Bf6 19.b4 Nxd4 20.Bxd4 Rxd4 {#R} 0-1

[Event "Ch Europe (juniors) (under 18) (g)"]
[Site "masterchessopen.com Budva (Yugoslavia)"]
[Round "2"]
[White "Kursova Maria (RUS)"]
[Black "Muhren Bianca (NED)"]
[Result "1-0"]
[WhiteElo "2315"]
[BlackElo "2343"]

1.d4 d5 2.Nf3 Nf6 3.c4 dxc4 4.e3 e6 5.Bxc4 c5 6.O-O a6 7.a4 Nc6 8.Qe2 cxd4
9.Rd1 Be7 10.exd4 O-O 11.Nc3 Nb4 12.Ne5 Nfd5 13.Bb3 f6 14.Nd3 Kh8 15.Nxb4 Bxb4
16.Rd3 b6 17.Bd2 Bd6 18.Rh3 f5 19.Nxd5 exd5 20.Rxh7+ {#r} 1-0

[Event "Olympiad (under 16)"]
[Site "masterchessopen.com Denizli (Turkey)"]
[Round "2"]
[White "Bykhovsky Anatoly (ISR)"]
[Black "Panagiotopoulos Nikolaos (GRE)"]
[Result "1-0"]
[WhiteElo "2254"]
[BlackElo "2068"]

1.d4 d5 2.c4 dxc4 3.Nf3 Nf6 4.e3 e6 5.Bxc4 c5 6.O-O a6 7.Bb3 cxd4 8.exd4 Nc6
9.Nc3 Be7 10.a3 O-O 11.Qd3 b5 12.Bc2 Re8 13.Re1 Bb7 14.d5 exd5 15.Bg5 Ne4
16.Nxe4 dxe4 17.Qxe4 g6 18.Qf4 Qb8 19.Qh4 Qc7 20.Bb3 Bf8 21.Bf4 Qa5 22.Bxf7+
Kxf7 23.Ng5+ Kf6 24.Ne6+ {#r} 1-0

[Event "It (open)"]
[Site "masterchessopen.com Diezisau (Germany)"]
[Round "2"]
[White "Gustafsson Jan (GER)"]
[Black "Schmidt Georg (GER)"]
[Result "1-0"]
[WhiteElo "2603"]
[BlackElo "2331"]

1.d4 d5 2.c4 dxc4 3.Nf3 Nf6 4.e3 e6 5.Bxc4 c5 6.O-O a6 7.Bb3 cxd4 8.exd4 Nc6
9.Nc3 Na5 10.Bc2 b5 11.d5 Nxd5 12.Nxd5 exd5 13.Re1+ Be7 14.Ng5 h6 15.Qh5 g6
16.Bxg6 fxg6 17.Qxg6+ Kd7 18.Nf7 Rg8 19.Qe6+ {#r} 1-0

[Event "Ch France (team) (2) 2002/03"]
[Site "masterchessopen.com France"]
[Round "9"]
[White "Zawadski Stephane (FRA)"]
[Black "Hisler Thomas (FRA)"]
[Result "1-0"]
[WhiteElo "2200"]
[BlackElo "2183"]

1.d4 d5 2.c4 dxc4 3.Nf3 Nf6 4.e3 e6 5.Bxc4 c5 6.O-O a6 7.a4 Nc6 8.Qe2 Qc7
9.Rd1 Bd6 10.dxc5 Bxc5 11.b3 e5 12.h3 O-O 13.Bb2 Re8 14.Nc3 Be6 15.Bxe6 Rxe6
16.Nd5 Nxd5 17.Rxd5 Bd6 18.Ng5 Rg6 19.Rad1 Ne7 20.R5d2 Nf5 21.Qh5 Re8 22.Ne4
Bb4 23.Rd7 Nxe3 24.Rxc7 {#r} 1-0

[Event "corr."]
[Site "masterchessopen.com France"]
[Round "0"]
[White "Da Apresentacao Christophe (FRA)"]
[Black "Delabre Tony (FRA)"]
[Result "1-0"]
[WhiteElo "2101"]
[BlackElo "2106"]

1.d4 d5 2.c4 dxc4 3.Nf3 Nf6 4.e3 e6 5.Bxc4 c5 6.O-O a6 7.a4 Nc6 8.Qe2 cxd4
9.Rd1 Be7 10.exd4 O-O 11.Bg5 Nb4 12.Nc3 Nfd5 13.Bxe7 Nxe7 14.Ne5 b6 15.Rac1
Ra7 16.d5 exd5 17.Nxd5 Nbxd5 18.Bxd5 Qe8 19.Bxf7+ Rxf7 20.Nxf7 Kxf7 21.Qf3+
Kg8 22.Qb3+ Kh8 23.Qxb6 Rd7 24.Rxd7 Qxd7 25.Qc7 {#r} 1-0

[Event "It (open)"]
[Site "masterchessopen.com Guben (Germany)"]
[Round "2"]
[White "Levin Felix (GER)"]
[Black "Pecher Henryk (GER)"]
[Result "1-0"]
[WhiteElo "2498"]
[BlackElo "2286"]

1.d4 d5 2.c4 dxc4 3.e3 e6 4.Bxc4 Nf6 5.Nf3 c5 6.O-O a6 7.e4 b5 8.Bd3 Bb7 9.Bg5
Nbd7 10.d5 Qc7 11.a4 c4 12.Bc2 O-O-O 13.axb5 axb5 14.Nc3 Qc5 15.Ra5 {#r} 1-0

[Event "Memorial Victor Syre (open)"]
[Site "masterchessopen.com Issy Les Moulineaux (France)"]
[Round "5"]
[White "Steimer Michel (FRA)"]
[Black "Naimski Luc (FRA)"]
[Result "1-0"]
[WhiteElo "2178"]
[BlackElo "1790"]

1.d4 d5 2.c4 dxc4 3.e3 Nf6 4.Bxc4 e6 5.Nf3 c5 6.O-O a6 7.Bb3 Nc6 8.Nc3 cxd4
9.exd4 Be7 10.a3 O-O 11.Re1 Nd5 12.Qd3 Nxc3 13.bxc3 b5 14.Bc2 g6 15.Bh6 Re8
16.a4 b4 17.c4 Bf6 18.Rad1 Ne7 19.Qe4 Rb8 20.Qf4 {#r} 1-0